Le 7 belle arti - Statistics

Statistiche generali
  • Questo quiz è stato fatto 111 volte
  • Il punteggio medio è 5 su 7
Statistiche sulle risposte
Posizione Belle Arti % Corretto
3 Pittura
94%
2 Scultura
87%
4 Musica
78%
7 Cinema
65%
5 Letteratura
62%
1 Architettura
60%
6 Danza
54%
Nessun quiz corrispondente trovato
Distribuzione punteggi
Percentuale di utenti per punteggio
Percentile per numero di risposta
I tuoi punteggi nel tempo
Non hai fatto questo quiz